1867 1713 1960 1152 1681 1253 1338 1262 1889 1013 1417 1454 1832 1935 1991 1914 1435 1713 1640 1248 1841 1641 1235 1943 1999 1887 1444 1059 1929 1015 1320 1778 1554 1150 1354 1514 1899 1374 1057 1257 1272 1471 1485 1992 1523 1333 1936 1599 1600 1684 1147 1149 1352 1180 1840 1465 1581 1829 1466 1479 1827 1833 1923 1251 1181 1477 1132 1374 1149 1894 1992 1101 1295 1639 1750 1751 1931 1339 1014 1375 1526 1524 1478 1142 1453 1616 1396 1016 1648 1453 1773 1975 1787 1556 1905 1998 1783 1088 1420 BCNSPRNW ULIB Ver.6.0+V

เปลี่ยนเป็นภาษาไทย

Change to English
 แสดงรายละเอียดบรรณานุกรม
  กลับหน้าหลัก

Brief Record : Get Marc (ISO 2709) : E-mail record : QR code < ปิดหน้าต่าง
LEADER : 00000nam 2200000uu 4500
001    13399121221
003     ULIB
008    121109s2551||||th 000 0 tha d
020    ^a9789741359424
050  4 ^aPN4129^bส312ก
100 0  ^aสมิต สัชฌุกร
245 10 ^aการพูดต่อชุมนุมชน =^bPublic speaking /^cสมิต สัชฌุกร
246 31 ^aPublic speaking
250    ^aพิมพ์ครั้งที่ 2
260    ^aกรุงเทพฯ :^bสายธาร,^c2551
300    ^a184 หน้า ;^c21 ซม.
650  4 ^aการพูดในชุมนุมชน
945    ^p150^l0^i15227
995    ^aวิภา
999 ^a ทศพร
รายการนี้ยังไม่มีแท็ก
คุณยังไม่ได้ล็อกอิน คุณสามารถมีกิจกรรมร่วมกับเว็บไซต์ได้ แต่ต้องล็อกอินก่อน ::
  ล็อกอิน

รายการสื่อสารสนเทศ

ลำดับที่ ประเภท เลขเรียก/บาร์โค้ด สถานที่ สถานะ
1. วิทยาศาสตร์การแพทย์ และสุขภาพ
วิทยาศาสตร์การแพทย์ และสุขภาพ
PN4129 ส312ก  
  Barcode: 15227
ห้องสมุดวิทยาเขตสวรรค์ประชารักษ์
►หนังสือทั่วไป
บนชั้น

รายการใกล้เคียง
    ผู้แต่ง [สมิต สัชฌุกร]

    หัวเรื่อง [การพูดในชุมนุมชน]

BibComment


ยังไม่เคยถูกคอมเมนท์

คอมเมนท์ทรัพยากรรายการนี้
  คอมเมนท์: การพูดต่อชุมนุมช..


 Copyright 2026. Bcnsprnw @Library